History of the Entire world I guess en FR - Statistiques

Statistiques générales
  • Ce quiz a été pris 30 fois
  • Le résultat moyen est 16 sur 102
Statistiques - réponses
Description Time/year Réponse % Correct
Ce processus commence : l'énergie lumineuse synthétise des sucres à partir du dioxyde de carbone et de l'eau, libérant de l'oxygène comme déchet. - 3000 millions Photosynthèse
64%
Ce groupe diversifié de reptiles s'éteint. -66 millions Dinosaures
46%
Les hominidés apprennent à contrôler ce processus chimique exothermique utile. -1,5 million Feu
46%
Cet explorateur entame son premier voyage depuis l'Espagne. Il découvrira plus tard les Amériques 1492 Christophe Colomb
43%
Cet empire établit une domination coloniale à travers la Méditerranée 1 Empire romain
39%
Les Européens commencent à utiliser ce métal abondant, marquant la fin des trois périodes préhistoriques. -1100 Fer
39%
À cette date, la majorité des pays de ce continent sont décolonisés 1975 Afrique
36%
Plutôt que de chasser et de cueillir, les Homo sapiens commencent cette pratique de production alimentaire. -11 500 Agriculture
36%
Ce roi des Francs devient le premier empereur romain germanique. 800 Charlemagne
36%
L'Union européenne introduit cette monnaie. Le Royaume-Uni garde la livre sterling 1999 Euro
36%
Cet individu est condamné par Ponce Pilate à être flagellé puis crucifié par les Romains 30 Jésus-Christ
36%
Neil Armstrong devient le premier homme à marcher sur ce satellite naturel. 1969 Lune
36%
Cette vaste route commerciale transcontinentale est essentielle au développement de l'Asie, de l'Europe et de la Corne de l'Afrique 207-220 Route de la Soie
36%
Moscou perd son pouvoir de gouvernance, menant à la dissolution rapide de cet État socialiste. 1991 Union soviétique
36%
Ces peuples nordiques commencent à piller et à établir des colonies en Europe du Nord. Le navire long fut l'une des clés de leur succès. 793 Vikings
36%
Ce 'grand' leader de Macédoine conquiert tout l'empire perse -330 Alexandre le Grand
32%
Des non-Romains détruisent Rome occidentale, mais les Romains les appellent par ce nom 476 Barbares
32%
Cette maladie tue la moitié de l'Europe, entraînant jusqu'à 200 millions de morts. 1350 Peste Noire
32%
Ce système de ségrégation raciale est aboli en Afrique du Sud 1991 Apartheid
29%
Les humains domestiquent et apprivoisent l'Equus ferus caballus, autrement dit le ... -2000 Cheval
29%
Byzance reçoit ce nouveau nom et devient la capitale de l'Empire romain nouvellement pieux 330 Constantinople
29%
Le roi Ménès fonde cette civilisation connue pour la construction des pyramides -3150 Égypte
29%
Cet empire survit sous le nom de 'Rome orientale', plus communément connu sous ce nom. 476 Empire byzantin
29%
Cet empereur mongol commence une campagne, conquérant une grande partie de la Chine moderne, de l'Asie centrale et de l'Europe de l'Est. 1206 Gengis Khan
29%
Cette ville japonaise est bombardée par l'USAAF, causant jusqu'à 160 000 morts 1945 Hiroshima
29%
Ce philosophe grec ancien écrit La République. -390 Platon
29%
Quatre attaques terroristes coordonnées détruisent ce centre de commerce de New York 2001 World Trade Center
29%
Harold Godwinson perd la bataille de Hastings cette année face à ce duc de Normandie 1066 Guillaume le Conquérant
25%
Ce Corse est couronné empereur des Français. 1804 Napoléon
25%
Ce chef religieux éclairé naît dans l'ancienne Inde. -480 Bouddha
21%
Bartolomeu Dias devient le premier Européen à contourner cette extrémité sud de l'Afrique. 1488 Cap de Bonne-Espérance
21%
En réponse à ce qui précède, le suicide au moyen d'un aspic de cette dirigeante marque également la fin du royaume ptolémaïque -30 Cléopâtre
21%
Ce grand enseignant chinois naît. Ses élèves écriront plus tard Les Entretiens en son honneur. -551 Confucius
21%
La paix de l'Empire Gupta inaugure l'âge d'or de l'Inde, connu pour la création du zéro, du système de numération décimale et de ce jeu amusant en 8x8. 400 Échecs
21%
Constantinople tombe entre les mains de ce califat dirigé par Mehmed le Conquérant, initiant cet empire. 1453 Empire ottoman
21%
Les Homo sapiens commencent à utiliser cet outil de communication utile. -200 000 Langage
21%
Ce combustible fossile, utilisé pour alimenter les voitures, est découvert en Perse. 1908 Pétrole
21%
Cette grande guerre commence 1914 Première Guerre mondiale
21%
La réaction thermidorienne originale : ce révolutionnaire, exécutant de Louis XVI, est lui-même exécuté en France, mettant fin à la Terreur. 1794 Robespierre
21%
Cette guerre entre l'Union et la Confédération prend fin, menant à la libération de quatre millions d'esclaves noirs. 1865 Guerre de Sécession
18%
Cette politique dynastique poursuivie par Maximilien Ier place cette famille dans les sièges du pouvoir français, autrichien, néerlandais et italien, entraînant la prise de contrôle monarchique de l'Espagne cette année-là. 1516 Habsbourg
18%
Cette période de prospérité d'après-guerre commence, marquée par le jazz, les bootleggers et le Charleston. Elle sera plus tard connue sous ce nom. 1920 Les Années folles / L'Âge du jazz
18%
Ces marins et marchands experts prennent de l'importance après l'effondrement des principales civilisations de l'âge du bronze. Ils inventeront l'alphabet. -1500 Phéniciens
18%
Le premier gouvernement militaire de ce genre commence au Japon. 1192 Shogunat
18%
Ce traité entre l'Espagne et le Portugal divise les nouvelles terres découvertes des Amériques 1494 Traité de Tordesillas
18%
L'Empire ottoman ayant pris fin, ce pays lutte et obtient son indépendance, empêchant la création d'un nouvel Empire byzantin. 1923 Turquie
18%
Cette cité-État phénicienne perd le nom de Tyr, s'établissant comme une grande puissance coloniale au troisième siècle avant J.-C. -264 Carthage
14%
La Déclaration d'indépendance est signée dans ce nouveau pays 1776 États-Unis d'Amérique
14%
D'anciens esclaves dans ce pays des Caraïbes se soulèvent contre la République française pour établir leur indépendance des propriétaires d'esclaves et des puissances coloniales. 1791 Haïti
14%
Cet homme joue un rôle clé dans l'indépendance de l'Inde cette année. 1947 Mahatma Gandhi
14%
Alexis Ier ressent la pression à cause de ce qui précède. Le pape ordonne aux armées chrétiennes de marcher sur Jérusalem, attaquant plusieurs villes en chemin. 1099 Première croisade/Siège de Jérusalem
14%
La renaissance de l'Europe, les sortant des âges sombres marqués par la chute de Rome. 1450 Renaissance
14%
Cette voie de navigation pour le commerce maritime est créée. Elle relie l'océan Atlantique et l'océan Pacifique 1914 Canal de Panama
11%
Le monde frôle la guerre nucléaire en raison de cette confrontation entre les États-Unis et l'URSS 1962 Crise des missiles de Cuba
11%
Une abondance de ce métal essentiel est utilisée pour la première fois au Moyen-Orient et dans les Balkans pour fabriquer du bronze. -3000 Étain
11%
Les Mycéniens deviennent la forme la plus ancienne de cette civilisation. -1600 Grecque
11%
Ce tribunal commence en Espagne, éradiquant les non-chrétiens ou les brûlant en public. 1478 Inquisition espagnole
11%
Cet empereur du Mali part en tournée. Il pourrait avoir été la personne la plus riche du Moyen Âge. 1324 Mansa Musa
11%
Une critique acerbe de l'Église catholique par Martin Luther mène à cette période de changement religieux 1517 Réforme
11%
De nouveaux procédés de fabrication en ingénierie amorcent cette révolution. 1760 Révolution industrielle
11%
La Chine est divisée entre les royaumes de Wei, Shu (Han) et Wu durant cette période 220 - 280 Trois Royaumes
11%
L'URSS et les États-Unis se disputent les réalisations dans le domaine des vols spatiaux. 1957 Course à l'espace
7%
L'explosion mystérieuse de l'USS Maine est imputée à ce pays, entraînant une guerre pour Cuba 1898 Espagne
7%
Pratiquement tous les principaux embranchements animaux commencent à apparaître dans les archives fossiles. - 541 millions Explosion cambrienne
7%
Les principales puissances de la Grande-Bretagne, de la Prusse et de la France, la monarchie des Habsbourg d'Autriche et l'Empire russe entrent en guerre pour leurs colonies 1756 Guerre de Sept Ans
7%
La dynastie Qing riposte contre le commerce colonial (notamment britannique) lors de ces guerres 1839 Guerres de l'opium
7%
Le premier tsar de Russie. Il établit la Moscovie comme un empire après avoir pris le contrôle de toute la rivière Volga. 1556 Ivan le Terrible
7%
Saül devient le premier roi de ce royaume nouvellement uni. -1037 Juda / Judée
7%
Le règne du tsar Nicolas II prend fin après cette révolution sociale en Russie 1917 Révolution russe
7%
Ce sultan de l'État ottoman gouverne au moins 25 millions de personnes. 1540 Soliman le Magnifique
7%
Cet homme devient le premier dirigeant de l'URSS 1922 Vladimir Lénine
7%
Ce dirigeant maurya donne cinq cents éléphants à son rival Séleucus dans un traité d'alliance territoriale. -305 Chandragupta
4%
Les marchés boursiers s'effondrent, entraînant cette période de difficultés économiques. 1929 Grande Dépression
4%
Une régulation insuffisante des prêts conduit à cette crise économique, la plus grave depuis la Grande Dépression 2008 Grande Récession
4%
Cette période d'influence et de pouvoir culturel grec prend fin après la défaite de Marc Antoine par Auguste à la bataille d'Actium -31 Hellénistique
4%
Les hominidés commencent à utiliser des pierres pour fabriquer des outils. -3,5 millions Outils
4%
Ce gouvernement communiste est établi par Mao en Chine 1949 Parti communiste chinois
4%
Cette fédération de peuples slaves de l'Est et finnois commence. 882 Rus' de Kiev
4%
Ce traité secret permet aux Britanniques, Italiens et Français de diviser le Moyen-Orient et de contrôler certaines zones par procuration. Lorsqu'il est révélé plus tard, il est considéré comme une trahison des promesses faites aux Arabes 1916 Accords Sykes-Picot
0%
Peu après la mort du prophète Muhammad, ce califat islamique contrôle la majeure partie du Moyen-Orient et une grande partie de l'Afrique du Nord. 654 Califat Rashidun
0%
Le commerce régulier établit des relations entre de nombreux États autour des rivières Tigre et Euphrate, inaugurant les premières civilisations de ce type. -3500 Civilisation de vallée fluviale
0%
L'empereur Ying Zheng unifie les sept États de Chine, mettant fin à la période des Royaumes combattants et inaugurant cette dynastie. -221 Dynastie Qin
0%
L'introduction du chameau dans le Sahara occidental ouvre la voie à de grands changements économiques dans la région qui deviendra cet empire. 300 Empire du Ghana/ Wagadou
0%
L'événement d'extinction le plus grave de la Terre. Mystérieusement, jusqu'à 96 % de toutes les espèces marines et 70 % des espèces de vertébrés terrestres sont désormais éteintes. -252 millions Extinction permienne
0%
Ce groupe nomade établit une domination en Asie intérieure. 576 Göktürks
0%
Les entreprises néerlandaises envahissent les colonies portugaises dans les Amériques, en Afrique, en Inde et en Extrême-Orient, déclenchant cette guerre maritime 1601 Guerre néerlando-portugaise / Guerre des épices
0%
À la suite de l'antagonisme de Cyrus le Grand, ces guerres de 50 ans entre l'empire grec et l'empire perse commencent. Xerxès Ier est une figure clé de cette guerre. -499 Guerres gréco-perses
0%
Cet homme devient le monarque de l'Arabie saoudite 1932 Ibn Saoud
0%
Ces premiers peuples à conduire des chars commencent l'Empire hittite. -1600 Indo-européens
0%
Des travaux linguistiques, scientifiques et culturels clés prennent de l'ampleur dans cette maison/bibliothèque levantine, annonçant l'âge d'or islamique. 756 Maison de la Sagesse de Bagdad
0%
Avec Java comme capitale, cet empire hindou possède de vastes étendues de terre dans l'empire indien et pacifique. 1389 Majapahit
0%
Les Britanniques partent avec cette Première Flotte pour établir cette colonie dans l'actuelle Australie. Aujourd'hui, c'est le plus ancien État d'Australie. 1788 Nouvelle-Galles du Sud
0%
La république néerlandaise est fondée à la signature de ce traité entre les Seigneurs des États Généraux des Pays-Bas unis et la Couronne espagnole. 1648 Paix de Münster
0%
En réponse à ce qui précède, la domination de la Compagnie britannique des Indes orientales est transférée à la Couronne, en la personne de la reine Victoria, établissant ainsi ceci 1858 Raj britannique
0%
T.E. Lawrence aide les Arabes à obtenir une victoire militaire contre les Ottomans lors de ce soulèvement. Cependant, la création d'un État arabe unifié échouera par la suite 1918 Révolte arabe
0%
Les Indiens se rebellent contre la Compagnie des Indes orientales lors de ces révoltes 1857 Révolte indienne
0%
Les Pays-Bas commencent à se battre pour une république après la répression des Habsbourg 1566 Révolte néerlandaise
0%
La conférence de Berlin provoque ce phénomène colonial, éliminant l'autonomie de nombreuses nations africaines au profit de la domination européenne. 1884 Ruée vers l'Afrique
0%
L'adoption de systèmes technologiques tels que le télégraphe et les réseaux ferroviaires, ainsi que les systèmes d'approvisionnement en gaz et en eau et les systèmes d'égouts, conduit à la seconde de ces révolutions industrielles. 1870 Seconde révolution industrielle
0%
Les Byzantins sont battus par cette dynastie islamique à la bataille de Manzikert, établissant une vaste zone de domination dans la région. 1071 Seldjoukides
0%
La plus grande ville des Amériques précolombiennes atteint son apogée, avec une population estimée à 125 000 habitants ou plus, ce qui en fait au moins la sixième plus grande ville du monde. 450 Teotihuacan
0%
Ce massacre de six semaines en Chine devient un souvenir durable de l'agression japonaise pendant la Seconde Guerre mondiale. 1937 Viol de Nankin
0%
Aucun quiz correspondant
Distribution des résultats
% des personnes avec chaque résultat
Percentile par nombre de réponses
Votre historique - résultats
Vous n’avez pas pris ce quiz